| 000 | 00571 a2200181 4500 | ||
|---|---|---|---|
| 020 | _a0470011440 | ||
| 020 | _a9780470011447 | ||
| 040 |
_aDLC _bDLC |
||
| 082 | 0 | 0 | _a621.384 |
| 245 | 0 | 0 |
_aUltra-wideband wireless communications and networks _cXuemin (Sherman) Shen |
| 260 |
_aChichester, England ; _aHoboken, NJ : _bWiley, _cc2006. |
||
| 300 |
_axiv, 309 p. : _bill. ; _c26 cm. |
||
| 650 | 0 | _aBroadband communication systems. | |
| 650 | 0 | _aWireless communication systems. | |
| 650 | 0 | _aUltra-wideband devices. | |
| 700 | 1 |
_aShen, X. _d1958- |
|
| 942 |
_cBK _k621.384 SHE _2ddc |
||
| 999 |
_c8384 _d8384 |
||